Problémy riešenia rozsiahlych optimalizačných úloh pri modelovaní tvorby variantov ročného plánu potravinárskeho podniku kandidátska dizertačná práca

Gespeichert in:
Bibliographische Detailangaben
1. Verfasser: Turnovcová, Akkul'
Körperschaft: Vysoká škola ekonomická v Bratislave
Weitere Verfasser: Šimkovic, Ján
Format: Buch
Sprache:Slowakisch
Veröffentlicht: Bratislava 1985
Tags: Tag hinzufügen
Keine Tags, Fügen Sie das erste Tag hinzu!

MARC

LEADER 00000nam a2200000 4500
001 c105291
005 20230116085109.5
041 0 |a slo 
044 |a SK 
245 1 0 |a Problémy riešenia rozsiahlych optimalizačných úloh pri modelovaní tvorby variantov ročného plánu potravinárskeho podniku  |b kandidátska dizertačná práca  |c Akkul' Turnovcová ; Ved. Ján Šimkovic 
264 1 |a Bratislava  |c 1985 
300 |a 152 s. 
100 1 |a Turnovcová, Akkul' 
700 1 |a Šimkovic, Ján 
710 2 |a Vysoká škola ekonomická v Bratislave